Nový lék v symptomatické terapii roztroušené sklerózy mozkomíšní: 4-aminopyridin (FAMPRIDINE - SR)

Bibliographic Details
Main Author: Štourač, Pavel (Author)
Format: Article
Language:Slovak
Czech

MARC

LEADER 00000nab a2200000 a 4500
001 vtls010739402
003 SK-MaSNL
005 20260304185700.0
008 250709s2011 xo |||||||||||||||||slo|
035 |a (urnnbn)urn:nbn:sk:snk:ar-a05ppb 
035 |a (uuid)3bf2704c-4d50-415e-a2b0-a849eb683e84 
035 |a urn:nbn:sk:snk-ab404h 
040 |a SNKBUCL  |b slo  |c SNKBUCL  |e AACR2 
041 0 |a cze 
044 |a xo  |c SK 
100 1 |a Štourač, Pavel  |4 aut  |9 612252 
245 1 0 |a Nový lék v symptomatické terapii roztroušené sklerózy mozkomíšní: 4-aminopyridin (FAMPRIDINE - SR)  |c Pavel Štourač 
773 0 |t Klinická farmakologie a farmacie  |g Roč. 25, č. 1 (2011), s. 33-34 
850 |a Slovenská národná knižnica 
852 |a Slovenská národná knižnica 
954 |a odborná, vedecká literatúra cudzojazyčná (svetová)  |2 lita 
958 |a article1 
958 |a OND 
958 |a EUIPO 
999 |c 3045372  |d 3047302